[Event "Heusenstamm Schloss op"]
[Site "Heusenstamm"]
[Date "2022.11.18"]
[Round "3"]
[White "Swoboda, Philipp"]
[Black "Stock, Juergen"]
[Result "0-1"]
[WhiteElo "2002"]
[BlackElo "1825"]
[PlyCount "98"]
[EventDate "2022.11.17"]
[EventType "swiss"]
[EventRounds "7"]
[EventCountry "GER"]
[SourceTitle "CBM 212 Extra"]
[Source "ChessBase"]
[SourceDate "2023.03.31"]
[SourceVersion "1"]
[SourceVersionDate "2023.03.31"]
[SourceQuality "1"]

1. d4 e6 2. c4 f5 3. Nf3 c6 4. Nc3 d5 5. Bf4 Nf6 6. e3 Be7 7. Bd3 0-0 8. h3 Ne4 9. Qc2 Nd7 10. 0-0 Kh8 11. a3 a5 12. c5 Bf6 13. Ne2 Qe8 14. b4 e5 15. dxe5 Nxe5 16. Nxe5 Bxe5 17. Nd4 g5 18. Bxe5+ Qxe5 19. b5 Bd7 20. Rab1 f4 21. bxc6 bxc6 22. Rb7 fxe3 23. fxe3 Rxf1+ 24. Bxf1 Qg3 25. Nf3 Rd8 26. Bd3 Kg8 27. Bxe4 dxe4 28. Qc4+ Kh8 29. Qxe4 Bf5 30. Qa4 Bxh3 31. Rb2 Bxg2 32. Rxg2 Qxf3 33. Qb3 Rd1+ 34. Kh2 Qh5+ 35. Kg3 Qh4+ 36. Kf3 Rf1+ 37. Ke2 Qe1+ 38. Kd3 Qd1+ 39. Qxd1 Rxd1+ 40. Kc4 h6 41. e4 Kg7 42. Rf2 h5 43. e5 h4 44. Rf5 Rg1 45. e6 Re1 46. Rxg5+ Kh6 47. Rg4 Kh5 48. Rd4 Rxe6 49. Rd6 Rg6 0-1

[Event "Rhein Main op-B 24th"]
[Site "Bad Homburg"]
[Date "2022.06.16"]
[Round "2"]
[White "Stock, Juergen"]
[Black "Schmid, Herbert"]
[Result "0-1"]
[WhiteElo "1851"]
[BlackElo "1678"]
[PlyCount "92"]
[EventDate "2022.06.15"]
[EventType "swiss"]
[EventRounds "7"]
[EventCountry "GER"]
[SourceTitle "EXT 2023"]
[Source "ChessBase"]
[SourceDate "2022.10.05"]
[SourceVersion "1"]
[SourceVersionDate "2022.10.05"]
[SourceQuality "1"]

1. d4 f5 2. Bg5 d5 3. e3 c6 4. Nd2 Nd7 5. Bd3 Ndf6 6. Nh3 h6 7. Bxf6 Nxf6 8. Nf4 Qd6 9. Ng6 Rg8 10. Ne5 Be6 11. 0-0 0-0-0 12. c4 g5 13. c5 Qc7 14. Qa4 Kb8 15. b4 Ne4 16. Bxe4 fxe4 17. b5 cxb5 18. Qxb5 Bg7 19. f4 Bxe5 20. fxe5 Bd7 21. Qb3 e6 22. Rf7 Qa5 23. Qb2 Qa6 24. Rb1 Bc6 25. Rf6 Rde8 26. Rxh6 Rgf8 27. Rf1 Qe2 28. Rxf8 Rxf8 29. Rf6 Qxe3+ 30. Kf1 Rxf6+ 31. exf6 Qf4+ 32. Kg1 Qxf6 33. Nf1 a6 34. Qf2 Qg7 35. h3 Kc7 36. Nh2 e5 37. Qg3 Bd7 38. dxe5 Kc6 39. Qc3 Qe7 40. Nf1 Qxc5+ 41. Qxc5+ Kxc5 42. Kf2 Be6 43. Ke3 b5 44. g4 a5 45. Ng3 d4+ 46. Kxe4 Bxa2 0-1

[Event "Heusenstamm Sparkassen op-A 7th"]
[Site "Heusenstamm"]
[Date "2021.11.20"]
[Round "5.67"]
[White "Werner, Rosalie"]
[Black "Stock, Juergen"]
[Result "0-1"]
[WhiteElo "1746"]
[BlackElo "1874"]
[PlyCount "72"]
[EventDate "2021.11.18"]
[EventType "swiss"]
[EventRounds "7"]
[EventCountry "GER"]
[SourceTitle "EXT 2023"]
[Source "ChessBase"]
[SourceDate "2022.10.05"]
[SourceVersion "1"]
[SourceVersionDate "2022.10.05"]
[SourceQuality "1"]

1. e4 e6 2. d4 d5 3. Nd2 Be7 4. Bd3 c5 5. dxc5 Nc6 6. Qe2 Nf6 7. e5 Nd7 8. Ngf3 Nxc5 9. Nb3 Nxd3+ 10. cxd3 b6 11. Be3 Ba6 12. 0-0 Nb4 13. Rfd1 Rc8 14. Nbd4 Qd7 15. a3 Nc6 16. Rac1 0-0 17. Qd2 Nxd4 18. Bxd4 Qb5 19. Bc3 Bc5 20. b4 Be7 21. Nd4 Qd7 22. a4 f6 23. b5 Bb7 24. Nf3 d4 25. Nxd4 fxe5 26. Ne2 Qd5 27. f3 Rxf3 28. gxf3 Qxf3 29. Ng3 Bg5 30. Qf2 Be3 31. Rd2 Bxf2+ 32. Rxf2 Qxd3 33. Rfc2 Qe3+ 34. Kf1 Rf8+ 35. Nf5 Rxf5+ 36. Rf2 Qxf2# 0-1

[Event "Heusenstamm Sparkassen op-A 6th"]
[Site "Heusenstamm"]
[Date "2019.11.23"]
[Round "4"]
[White "Stock, Juergen"]
[Black "Neuhoff, Laertes"]
[Result "1-0"]
[WhiteElo "1895"]
[BlackElo "1461"]
[PlyCount "61"]
[EventDate "2019.11.21"]
[EventType "swiss"]
[EventRounds "7"]
[EventCountry "GER"]
[SourceTitle "CBM 194 Extra"]
[Source "ChessBase"]
[SourceDate "2020.03.31"]
[SourceVersion "1"]
[SourceVersionDate "2020.03.31"]
[SourceQuality "1"]

1. d4 Nf6 2. c3 g6 3. Bg5 Bg7 4. Nd2 0-0 5. e3 d5 6. Bd3 c5 7. f4 b6 8. Qe2 Bb7 9. Ngf3 Nc6 10. 0-0 Rc8 11. f5 Qc7 12. fxg6 fxg6 13. Bf4 Qd7 14. Ng5 Nh5 15. Nxh7 Nxf4 16. exf4 Kxh7 17. Qh5+ Kg8 18. Bxg6 Rf6 19. Nf3 Ba6 20. Ne5 Qc7 21. Rf3 cxd4 22. Bh7+ Kf8 23. Ng6+ Ke8 24. Qxd5 e6 25. Re1 Kf7 26. Rxe6 Rxe6 27. f5 Nd8 28. fxe6+ Ke8 29. Bg8 Bb7 30. Bf7+ Nxf7 31. exf7+ 1-0

[Event "Heusenstamm Sparkassen op-A 6th"]
[Site "Heusenstamm"]
[Date "2019.11.22"]
[Round "2"]
[White "Stock, Juergen"]
[Black "Hartmann, Egon"]
[Result "1-0"]
[WhiteElo "1895"]
[BlackElo "1694"]
[PlyCount "113"]
[EventDate "2019.11.21"]
[EventType "swiss"]
[EventRounds "7"]
[EventCountry "GER"]
[SourceTitle "CBM 194 Extra"]
[Source "ChessBase"]
[SourceDate "2020.03.31"]
[SourceVersion "1"]
[SourceVersionDate "2020.03.31"]
[SourceQuality "1"]

1. d4 d5 2. e3 Bf5 3. Bd3 Bxd3 4. cxd3 e6 5. Bd2 Nf6 6. Nf3 c5 7. Qb3 b6 8. a4 Nc6 9. Qb5 Qc7 10. Ne5 Rc8 11. a5 Nd7 12. Nxd7 Qxd7 13. axb6 axb6 14. dxc5 bxc5 15. 0-0 Bd6 16. Ra6 0-0 17. b4 Be7 18. Rc1 Nb8 19. Qxd7 Nxd7 20. Ra7 Rfd8 21. bxc5 Rxc5 22. Rxc5 Bxc5 23. Rb7 Nf6 24. h3 h6 25. Nc3 Ra8 26. g4 d4 27. exd4 Bxd4 28. Nb5 Rd8 29. Bb4 Be5 30. d4 Bxd4 31. Be7 Rd5 32. Nd6 Bc5 33. Nxf7 Bxf2+ 34. Kxf2 Kxf7 35. Bb4+ Rd7 36. Rb8 Kg6 37. Rb6 e5 38. Re6 e4 39. Bc3 Kf7 40. Ra6 Re7 41. Bxf6 gxf6 42. Ke3 Kg6 43. h4 Kf7 44. Ra5 Kg6 45. h5+ Kf7 46. Ra8 Kg7 47. Ra4 Kf7 48. Ra8 Kg7 49. Ra4 Kf7 50. Rxe4 Rxe4+ 51. Kxe4 Ke6 52. Kf4 Kf7 53. Kf5 Kg7 54. Ke6 Kg8 55. Kxf6 Kh7 56. Kf7 Kh8 57. Kg6 1-0

[Event "Rhein Main op-B 22nd"]
[Site "Bad Homburg"]
[Date "2019.06.20"]
[Round "3"]
[White "Stock, Juergen"]
[Black "Burkart, Lloyd Shang"]
[Result "1-0"]
[WhiteElo "1842"]
[BlackElo "1411"]
[PlyCount "115"]
[EventDate "2019.06.19"]
[EventType "swiss"]
[EventRounds "7"]
[EventCountry "GER"]
[SourceTitle "EXT 2020"]
[Source "ChessBase"]
[SourceDate "2019.10.17"]
[SourceVersion "1"]
[SourceVersionDate "2019.10.17"]
[SourceQuality "1"]

1. d4 d5 2. e3 Nf6 3. Bd3 Nc6 4. f4 Nb4 5. Nf3 Nxd3+ 6. cxd3 Bf5 7. 0-0 e6 8. Ne5 Be7 9. Nc3 h6 10. Kh1 0-0 11. g4 Bh7 12. h4 Nd7 13. g5 Nxe5 14. dxe5 d4 15. Ne4 Qd5 16. Qf3 dxe3 17. Bxe3 Qxd3 18. Nf2 Qd5 19. Qxd5 exd5 20. Rac1 c6 21. Bc5 Bxc5 22. Rxc5 Rfd8 23. gxh6 gxh6 24. Ng4 Kf8 25. f5 d4 26. Nf6 Bg8 27. Rg1 Ke7 28. Rg3 d3 29. Nxg8+ Rxg8 30. Rxd3 Rg4 31. f6+ Ke8 32. h5 Rh4+ 33. Kg2 Rxh5 34. Kg3 b6 35. Rxc6 Rxe5 36. Kf4 Re6 37. Rxe6+ fxe6 38. Ke5 Kf7 39. Rd7+ Kf8 40. Rh7 Re8 41. Rxh6 Kg8 42. Rg6+ Kh7 43. Rg7+ Kh6 44. f7 Rf8 45. Kf6 e5 46. Rg8 Rxf7+ 47. Kxf7 e4 48. Kf6 Kh5 49. Kf5 Kh4 50. Kxe4 a5 51. Kf4 Kh3 52. a4 b5 53. axb5 a4 54. b6 a3 55. bxa3 Kh2 56. Kf3 Kh1 57. Kf2 Kh2 58. Rh8# 1-0

[Event "Hessen-chA"]
[Site "Frankfurt"]
[Date "2019.06.01"]
[Round "5"]
[White "Stock, Juergen"]
[Black "Bluebaum, Johanna"]
[Result "1-0"]
[WhiteElo "1875"]
[BlackElo "2003"]
[PlyCount "125"]
[EventDate "2019.05.30"]
[EventType "swiss"]
[EventRounds "7"]
[EventCountry "GER"]
[SourceTitle "EXT 2020"]
[Source "ChessBase"]
[SourceDate "2019.10.17"]
[SourceVersion "1"]
[SourceVersionDate "2019.10.17"]
[SourceQuality "1"]

1. d4 d5 2. e3 Nf6 3. Bd3 c5 4. c3 Nc6 5. f4 Bg4 6. Nf3 e6 7. 0-0 Bd6 8. h3 Bf5 9. Ne5 0-0 10. g4 Bxd3 11. Qxd3 Ne4 12. Nf3 f5 13. Bd2 c4 14. Qc2 b5 15. a3 Na5 16. Be1 Nb3 17. Ra2 a5 18. Nbd2 Nexd2 19. Nxd2 a4 20. Qd1 fxg4 21. hxg4 Qf6 22. Kg2 Qg6 23. Nxb3 axb3 24. Ra1 h6 25. Bg3 Qh7 26. Qf3 Ra7 27. f5 Bxg3 28. Kxg3 Kh8 29. e4 exf5 30. exf5 Qg8 31. Rae1 Qf7 32. Re5 Rd7 33. Qh1 Rd6 34. Rfe1 Qc7 35. Kh3 Qd8 36. R1e2 Rd7 37. Qf3 Qg5 38. Qe3 Qxe3+ 39. R2xe3 Kg8 40. Kh4 Kf7 41. Re6 Rb8 42. R3e5 Rbb7 43. Kh5 b4 44. axb4 Ra7 45. g5 hxg5 46. Kxg5 Ra2 47. Re2 Ra1 48. Re1 Rxe1 49. Rxe1 Ra7 50. Kf4 Ra8 51. b5 Rb8 52. Ra1 Rxb5 53. Ra7+ Kf6 54. Ra6+ Ke7 55. Ke5 Kf7 56. Ra7+ Kg8 57. Kd6 Kh7 58. Kc6 Rb8 59. f6 Re8 60. Rxg7+ Kh6 61. Kxd5 Re2 62. Kxc4 Rxb2 63. Rg1 1-0

[Event "Hofheim Spring op-B 7th"]
[Site "Hofheim"]
[Date "2019.04.25"]
[Round "4"]
[White "Varma, Christopher"]
[Black "Stock, Juergen"]
[Result "0-1"]
[WhiteElo "1810"]
[BlackElo "1921"]
[PlyCount "92"]
[EventDate "2019.04.23"]
[EventType "swiss"]
[EventRounds "9"]
[EventCountry "GER"]
[SourceTitle "CBM 190 Extra"]
[Source "ChessBase"]
[SourceDate "2019.07.15"]
[SourceVersion "1"]
[SourceVersionDate "2019.07.15"]
[SourceQuality "1"]

1. e4 e6 2. d4 d5 3. Nc3 Nf6 4. Bg5 Be7 5. e5 Nfd7 6. Bxe7 Qxe7 7. f4 a6 8. Qg4 0-0 9. Bd3 c5 10. f5 exf5 11. Qxf5 g6 12. Nxd5 Qh4+ 13. Qf2 Qxf2+ 14. Kxf2 cxd4 15. Nf3 Nc6 16. Rhe1 Nc5 17. a3 b5 18. b4 Ne6 19. Be4 Bb7 20. Ne7+ Nxe7 21. Bxb7 Ra7 22. Be4 Rd8 23. Red1 Nc8 24. Rd3 Rc7 25. Rc1 Nb6 26. c3 Na4 27. Re1 Nxc3 28. g3 Na4 29. Re2 Nb6 30. Ra2 Rc3 31. Rxc3 dxc3 32. Rc2 Na4 33. Ke3 Rd1 34. Bb7 Nc7 35. Ra2 Nb2 36. Nd4 Re1+ 37. Kf4 Nd3+ 38. Kg5 Rxe5+ 39. Kg4 Nd5 40. Nc6 c2 41. Rxc2 Ne3+ 42. Kf3 Nxc2 43. Nxe5 Nxe5+ 44. Ke4 Nc4 45. Bxa6 N2xa3 46. Kd5 Kf8 0-1

[Event "Hessen Cup Goldener Springer"]
[Site "Griesheim"]
[Date "2019.01.19"]
[Round "3"]
[White "Stock, Juergen"]
[Black "Weiland, Thomas"]
[Result "1-0"]
[WhiteElo "1942"]
[BlackElo "1800"]
[PlyCount "85"]
[EventDate "2019.01.18"]
[EventType "swiss"]
[EventRounds "6"]
[EventCountry "GER"]
[SourceTitle "EXT 2020"]
[Source "ChessBase"]
[SourceDate "2019.10.17"]
[SourceVersion "1"]
[SourceVersionDate "2019.10.17"]
[SourceQuality "1"]

1. d4 f5 2. h3 d6 3. g4 e6 4. Nf3 Be7 5. Nc3 Nf6 6. gxf5 exf5 7. Qd3 d5 8. Bf4 Ne4 9. Ne5 c6 10. Qf3 g6 11. 0-0-0 Na6 12. Nxe4 dxe4 13. Qb3 Qd5 14. c4 Qg8 15. d5 Nc5 16. Qc2 cxd5 17. b4 Ne6 18. Qa4+ Kf8 19. Bh6+ Ng7 20. cxd5 Bf6 21. Nc4 Qf7 22. e3 Bd7 23. b5 Qe7 24. Kb1 Qc5 25. Qa3 Qxa3 26. Nxa3 Kf7 27. Bc4 g5 28. Rhg1 g4 29. hxg4 fxg4 30. Be2 Rhg8 31. Bxg4 Bxg4 32. Rxg4 Nf5 33. Rxg8 Rxg8 34. Bf4 Rc8 35. Nc2 Rc4 36. d6 Ke8 37. Rd5 Ng7 38. d7+ Kd8 39. Nd4 Rb4+ 40. Kc2 Rc4+ 41. Kb3 Rc1 42. Bh6 Bxd4 43. Bg5+ 1-0

[Event "Heusenstamm Sparkassen op-A 5th"]
[Site "Heusenstamm"]
[Date "2018.11.25"]
[Round "6"]
[White "Schnabel, Bennett"]
[Black "Stock, Juergen"]
[Result "1-0"]
[WhiteElo "2146"]
[BlackElo "1941"]
[PlyCount "91"]
[EventDate "2018.11.22"]
[EventType "swiss"]
[EventRounds "7"]
[EventCountry "GER"]
[SourceTitle "CBM 188 Extra"]
[Source "ChessBase"]
[SourceDate "2019.02.26"]
[SourceVersion "1"]
[SourceVersionDate "2019.02.26"]
[SourceQuality "1"]

1. e4 e6 2. d4 d5 3. Nd2 Be7 4. e5 c5 5. Qg4 Kf8 6. Ndf3 h5 7. Qf4 Nh6 8. Bd3 Nc6 9. a3 cxd4 10. Ne2 Bd7 11. h4 Qc7 12. Bg6 Nf5 13. Bxf5 exf5 14. Nexd4 Nxd4 15. Nxd4 Qc4 16. Be3 Bc5 17. Rd1 Re8 18. Rd3 Bxd4 19. Rxd4 Qxc2 20. 0-0 Rh6 21. Rxd5 Bc6 22. Qb4+ Kg8 23. Rd2 Qe4 24. Qxe4 fxe4 25. Bxh6 gxh6 26. Rd6 Rxe5 27. Rxh6 Rb5 28. b4 Rd5 29. Rf6 Kg7 30. Rf4 f5 31. f3 e3 32. Re1 Re5 33. Rd4 Re6 34. Kh2 Kf6 35. Kg3 a6 36. Kf4 e2 37. Rd2 Bb5 38. Rd5 Rc6 39. Rxf5+ Kg6 40. Rg5+ Kh6 41. Rxb5 axb5 42. Rxe2 Rc4+ 43. Re4 Rc3 44. Re3 Rc4+ 45. Kg3 Kg6 46. Re5 1-0

[Event "Heusenstamm Sparkassen op-A 5th"]
[Site "Heusenstamm"]
[Date "2018.11.23"]
[Round "2"]
[White "Haag, Martin"]
[Black "Stock, Juergen"]
[Result "1-0"]
[WhiteElo "2186"]
[BlackElo "1941"]
[PlyCount "71"]
[EventDate "2018.11.22"]
[EventType "swiss"]
[EventRounds "7"]
[EventCountry "GER"]
[SourceTitle "CBM 188 Extra"]
[Source "ChessBase"]
[SourceDate "2019.02.26"]
[SourceVersion "1"]
[SourceVersionDate "2019.02.26"]
[SourceQuality "1"]

1. c4 f5 2. g3 Nf6 3. Bg2 c6 4. Nf3 e6 5. 0-0 d5 6. d3 Be7 7. Nc3 0-0 8. e4 fxe4 9. dxe4 dxc4 10. Qe2 b5 11. Rd1 Qe8 12. a4 b4 13. Nb1 Ba6 14. Nbd2 c3 15. Nc4 cxb2 16. Bxb2 Nbd7 17. Qc2 Nc5 18. Nfe5 b3 19. Qe2 Rb8 20. Qe3 Bxc4 21. Nxc4 Ng4 22. Qc3 Qg6 23. Rd2 Qh6 24. h3 Nxe4 25. Bxe4 Bb4 26. Qxg7+ Qxg7 27. Bxg7 Nxf2 28. Rxf2 Rxf2 29. Kxf2 Kxg7 30. Ke2 Be7 31. Rb1 Rb4 32. Nd2 Rxa4 33. Rxb3 h6 34. Rb7 Kf6 35. Bxc6 Bd6 36. Bxa4 1-0

[Event "Heusenstamm Sparkassen op-A 5th"]
[Site "Heusenstamm"]
[Date "2018.11.23"]
[Round "3"]
[White "Stock, Juergen"]
[Black "Gallasch, Jonas"]
[Result "1-0"]
[WhiteElo "1941"]
[BlackElo "2100"]
[PlyCount "85"]
[EventDate "2018.11.22"]
[EventType "swiss"]
[EventRounds "7"]
[EventCountry "GER"]
[SourceTitle "CBM 188 Extra"]
[Source "ChessBase"]
[SourceDate "2019.02.26"]
[SourceVersion "1"]
[SourceVersionDate "2019.02.26"]
[SourceQuality "1"]

1. d4 Nf6 2. c3 c5 3. e3 d5 4. Bd3 Nc6 5. f4 e6 6. Nd2 Bd6 7. Nh3 Qc7 8. 0-0 cxd4 9. exd4 Rb8 10. Qe2 0-0 11. Nf3 a6 12. Ne5 b5 13. a3 Na5 14. g4 Bb7 15. Nf2 Nb3 16. Rb1 Nd7 17. g5 Nxc1 18. Rbxc1 f6 19. Bxh7+ Kxh7 20. Qh5+ Kg8 21. g6 Rfe8 22. Nf7 Kf8 23. Qh8+ Ke7 24. Qxg7 Qc8 25. Ng4 Rg8 26. Qh7 Qf8 27. f5 Rg7 28. Rce1 Ne5 29. Qh4 Nxg4 30. Rxe6+ Kd7 31. Nxd6 Re7 32. Nxb7 Rxb7 33. Qxg4 Rxe6 34. fxe6+ Ke7 35. Rf5 Qh6 36. g7 Qc1+ 37. Rf1 Qe3+ 38. Rf2 Qe1+ 39. Kg2 Rb8 40. g8Q Qe4+ 41. Kh3 Qe3+ 42. Qg3 Qh6+ 43. Kg2 1-0

[Event "Frankfurt-chA"]
[Site "Frankfurt"]
[Date "2018.05.14"]
[Round "3"]
[White "Stock, Juergen"]
[Black "Balzereit, Georg"]
[Result "0-1"]
[WhiteElo "1877"]
[BlackElo "1631"]
[PlyCount "30"]
[EventDate "2018.04.30"]
[EventType "swiss"]
[EventRounds "7"]
[EventCountry "GER"]
[SourceTitle "EXT 2019"]
[Source "ChessBase"]
[SourceDate "2018.10.10"]
[SourceVersion "1"]
[SourceVersionDate "2018.10.10"]
[SourceQuality "1"]

1. d4 Nf6 2. c3 e5 3. dxe5 Ng4 4. Nf3 Nc6 5. Bg5 Be7 6. Bf4 Bc5 7. e3 Qe7 8. Qd5 d6 9. exd6 Bxd6 10. Bxd6 cxd6 11. Bb5 0-0 12. Bxc6 Nxe3 13. fxe3 Qxe3+ 14. Kd1 bxc6 15. Kc2 cxd5 0-1

[Event "Hessen-chA"]
[Site "Frankfurt"]
[Date "2018.05.12"]
[Round "6"]
[White "Flach, Erich"]
[Black "Stock, Juergen"]
[Result "1-0"]
[WhiteElo "2127"]
[BlackElo "1927"]
[PlyCount "55"]
[EventDate "2018.05.10"]
[EventType "swiss"]
[EventRounds "7"]
[EventCountry "GER"]
[SourceTitle "EXT 2019"]
[Source "ChessBase"]
[SourceDate "2018.10.10"]
[SourceVersion "1"]
[SourceVersionDate "2018.10.10"]
[SourceQuality "1"]

1. c4 e6 2. g3 f5 3. Bg2 Nf6 4. Nf3 Be7 5. 0-0 0-0 6. d3 Nc6 7. Nc3 d6 8. a3 a5 9. Rb1 Bd7 10. b4 axb4 11. axb4 Qe8 12. Nb5 Bd8 13. Qb3 Kh8 14. Bd2 Qh5 15. Ra1 Rxa1 16. Rxa1 e5 17. Qd1 e4 18. Ne1 Ne5 19. f3 Bxb5 20. cxb5 d5 21. Bf4 Qe8 22. Ra8 Qe7 23. dxe4 fxe4 24. Qd4 Ned7 25. e3 c6 26. bxc6 Bb6 27. Rxf8+ Nxf8 28. Qxb6 1-0

[Event "Hessen-chA"]
[Site "Frankfurt"]
[Date "2018.05.11"]
[Round "3"]
[White "Leidorf, Sebastian"]
[Black "Stock, Juergen"]
[Result "1-0"]
[WhiteElo "2100"]
[BlackElo "1927"]
[PlyCount "57"]
[EventDate "2018.05.10"]
[EventType "swiss"]
[EventRounds "7"]
[EventCountry "GER"]
[SourceTitle "EXT 2019"]
[Source "ChessBase"]
[SourceDate "2018.10.10"]
[SourceVersion "1"]
[SourceVersionDate "2018.10.10"]
[SourceQuality "1"]

1. c4 e6 2. g3 f5 3. Bg2 Nf6 4. Nf3 Be7 5. 0-0 0-0 6. Nc3 a6 7. d3 Nc6 8. a3 Qe8 9. b4 Nd8 10. e4 fxe4 11. dxe4 d6 12. e5 Nd7 13. Bf4 Nf7 14. exd6 cxd6 15. Ne4 e5 16. Bg5 Nb6 17. c5 d5 18. Bxe7 Qxe7 19. cxb6 dxe4 20. Nd2 e3 21. fxe3 Qe6 22. Qb3 Qxb3 23. Nxb3 Be6 24. Nc5 Bc4 25. Rfc1 Nd6 26. Nxb7 Nxb7 27. Rxc4 Nd6 28. Bxa8 Nxc4 29. Bd5+ 1-0